000
00294nam a2200145Ia 4500
100
_a
Moret Jim
942
_c
BK
366
_f
28
245
_a
Last day of my life
260
_b
Jaico Publishing House
_c
2010
082
_b
MOR
300
_a
152
546
_a
ENGLISH
_c
Computers
999
_c
32617
_d
32617